• 首页
  • 本馆介绍
  • 公告通知
  • 最新文献
  • 馆藏检索
  • 电子资源
  • 读者导购
  • 参考咨询
  • 我的图书馆
  • 登录
  • 详细信息显示
  • 放入我的书架
  • 预约/预借图书
  • 作者相关作品
  • 分类相关作品
  • 丛书相关作品
  • 出版社相关作品

书目信息

  • 表格格式
  • 工作单格式
  • 卡片格式
题名:
汇率的博弈
    
 
作者: 管涛 , 马昀 , 夏座蓉 著
分册:  
出版信息: 北京   中信出版集团  2018
页数: 299页
开本: 23cm
丛书名: 中国金融四十人论坛书系
单 册:
中图分类: F832.63
科图分类:
主题词: 人民币汇率--研究
电子资源:
ISBN: 978-7-5086-8197-9
000 01085oam2 2200289 450
001 012001004909
005 20140928162350.0
010    @a978-7-5086-8197-9@dCNY58.00
100    @a20180217d2018 em y0chiy50 ea
101 0  @achi
102    @aCN@b110000
105    @ay z 000yy
106    @ar
200 1  @a汇率的博弈@9hui lv de bo yi@e人民币与大国崛起@f管涛,马昀,夏座蓉等著
210    @a北京@c中信出版集团@d2018
215    @a299页@d23cm
225 1  @a中国金融四十人论坛书系
330    @a本书基于中国正处于大国崛起这一宏观背景的分析,从大国汇率选择的理论与国际经验出发,对人民币汇率安排进行历史回顾与总结,在此基础上对人民币汇率形成机制现状与改革方案进行比较,最后提出人民币汇率机制改革的配套政策。
461  0 @12001 @a中国金融四十人论坛书系
517 1  @a人民币与大国崛起@9ren min bi yu da guo jue qi
606 0  @a人民币汇率@x研究
690    @aF832.63@v5
701  0 @a管涛@9guan tao@f(1970.11~)@4著
701  0 @a马昀@9ma yun@c(经济学)@4著
701  0 @a夏座蓉@9xia zuo rong@c(经济学)@4著
801  0 @aCN@b上海新华@c20180901
905    @b1167278-82@dF832.63@e192@f5
    
    汇率的博弈:人民币与大国崛起/管涛,马昀,夏座蓉等著.-北京:中信出版集团,2018
    299页;23cm.-(中国金融四十人论坛书系)
    
    
    ISBN 978-7-5086-8197-9:CNY58.00
    本书基于中国正处于大国崛起这一宏观背景的分析,从大国汇率选择的理论与国际经验出发,对人民币汇率安排进行历史回顾与总结,在此基础上对人民币汇率形成机制现状与改革方案进行比较,最后提出人民币汇率机制改革的配套政策。
●
相关链接 在E读中查询图书 在五车中查询图书 在当当中查询图书 在豆瓣中查询图书


正题名:汇率的博弈     索取号:F832.63/192         预约/预借

序号 登录号 条形码 馆藏地/架位号 状态 备注
1 1167278   211672787   第一样本阅览室/ [索取号:F832.63/192] 在馆    
2 1167279   211672796   第一借阅区/ [索取号:F832.63/192] 在馆    
3 1167280   211672803   第一借阅区/ [索取号:F832.63/192] 在馆    
4 1167281   211672812   密集书库-海洋学院/ [索取号:F832.63/192] 在馆    
5 1167282   211672821   第一借阅区/ [索取号:F832.63/192] 在馆    
唐山师范学院图书馆 欢迎您!
大连网信软件有限公司© 版权所有